| 000 | 00442nam a2200169 4500 | ||
|---|---|---|---|
| 001 | 24838 | ||
| 005 | 20230411085952.0 | ||
| 008 | 060907n1985 dr spa | ||
| 020 | _a0880880252 | ||
| 035 | _9funglode25027 | ||
| 041 | _aEN | ||
| 245 | 0 |
_aAfrican Proverbs / _cCompiled by Charlotte and Wolf Leslau |
|
| 260 |
_aNew York : _bPeter Pauper Press, _c1985 |
||
| 300 | _a61 p. | ||
| 700 | _aLeslau, Wolf | ||
| 942 |
_2lcc _cbk |
||
| 999 |
_c110197 _d110197 |
||